Statistics for Top 20 Blackburn Rovers Goalscorers in the Premier League

Click here to take the quiz!

General Stats

  • This quiz has been taken 16 times
  • The average score is 10 of 21

Answer Stats

NPlayerNationalityGoals% Correct
1Alan ShearerEnglish112
100%
2Chris SuttonEnglish47
100%
6David DunnEnglish31
85%
13Damien DuffIrish21
77%
10Roque Santa CruzParaguayan23
77%
14Aiyegbeni YakubuNigerian17
62%
4Benni McCarthySouth African37
62%
5Morten Gamst PedersenNorwegian34
62%
6Andrew ColeEnglish31
54%
9Jason RobertsGrenadan24
46%
8Jason WilcoxEnglish27
38%
18Brett EmertonAustralian13
31%
18Craig BellamyWelsh13
31%
3Kevin GallacherScottish45
31%
11Mike NewellEnglish22
31%
18Stuart RipleyEnglish13
31%
16Christopher SambaCongolese16
23%
18David BentleyEnglish13
23%
17Paul DickovScottish14
23%
14Matt JansenEnglish17
8%
11Tim SheerwoodEnglish22
8%

Score Distribution

Percentile by Number Answered

Percent of People with Each Score

Your Score History

You have not taken this quiz